Statistics for NFL player from College 2

Click here to take the quiz!

General Stats

  • This quiz has been taken 7 times
  • The average score is 4 of 16

Answer Stats

Answer% Correct
Richard Sherman
86%
Will Sherman
71%
Dez Bryant
43%
Ryan Tannehill
43%
Stephen Diggs
43%
Lawrence Taylor
29%
Bailey Zappe
14%
Cole Strange
14%
Drew Bledsoe
14%
Jacob Eason
14%
Taylor Heinicke
14%
Chandler Brewer
0%
Jeff Driskel
0%
Kevin Rader
0%
Nick Foles
0%
Snoop Conner
0%

Score Distribution

Percentile by Number Answered

Percent of People with Each Score

Your Score History

You have not taken this quiz